000 00801nam a22001937a 4500
999 _c371347
_d371347
008 201127b ||||| |||| 00| 0 eng d
040 _aDE-2950
_bger
_cDE-2950
_erda
041 _ager
245 _aSportareal in Slubice ist gerettet.
_bImmobilien: Die umstrittenen Pläne für ein Einkaufscenter nahe dem Basar sind vom Tisch. Die verwilderte Brache gehörte einst zum historischen Stadionkomplex der Dammvorstadt von Frankfurt /
_cNancy Waldmann
264 _c2022
653 _aSlubice <Polen>
653 _aDammvorstadt
653 _aOstmark-Stadion
773 _dFrankfurt (Oder) Märkisches Verlags- und Druckhaus GmbH & Co KG
_tMärkische Oderzeitung
_g33. Jahrgang (2022) Nr. 9 vom 12.01.2022, S. 15
942 _cA